000 006660000a22002290004500
003 LK-CoMWRAF
005 20231027111631.0
008 230817t1984 ||||| |||| 00| 0 eng d
020 _a089862617X
040 _aLK-CoMWRAF
_dLK-CoMWRAF
_eLK-CoMWRAF
041 _aeng
082 _a616.89
_bPRI
245 _aPrinciples and Practice of Stress Management
260 _aNew York:
_bGuilford Press,
_c1984
300 _axiv, 498p.; 27 cm
_bBibliography and index included
650 _aSTRESS MANAGEMENT
650 _aStress, Psychological-Therapy
650 _aRelaxation
700 _aWoolfolk,, Robert L.
_eed.
700 _aLehrer, Paul M.
_eed.
942 _cBK
999 _c1905
_d1905